00474nam a2200181Ia 4500003000400000005001700004008004100021020001300062040001800075041000800093082002500101100003600126245003500162250000600197260006100203300001200264650001600276OSt20250123104611.0210716s1997 xx 000 0 und d a74632132 cAIMIT LIBRARY aeng a005.7401 21stbKOLB aKolste, Bruce; Petersen, David. aOracle power objects handbook. a1 aNew DelhibTata McGraw Hill Publishing Company Ltdc1997 axix,567 aOracle /SQL